[Event "Ruhrgebiet Verbandsliga Gruppe 2 1819"]
[Site "Nordrheinwestfalen"]
[Date "2019.03.10"]
[Round "7.3"]
[White "Spiess, Timo"]
[Black "Schlaap, Ralf"]
[Result "1/2-1/2"]
[WhiteElo "2070"]
[BlackElo "2039"]
[PlyCount "34"]
[EventDate "2018.09.23"]
[EventType "team-tourn"]
[EventRounds "9"]
[EventCountry "GER"]
[SourceTitle "EXT 2022"]
[Source "ChessBase"]
[SourceDate "2021.10.06"]
[SourceVersion "1"]
[SourceVersionDate "2021.10.06"]
[SourceQuality "1"]
[WhiteTeam "Bochum SV II"]
[BlackTeam "Hamm SV"]
[WhiteTeamCountry "GER"]
[BlackTeamCountry "GER"]

1. e4 c5 2. Nf3 d6 3. c3 Nf6 4. Bd3 Nc6 5. Bc2 Bg4 6. d3 e6 7. Nbd2 Be7 8. h3 Bh5 9. Nf1 d5 10. Ng3 Bg6 11. Qe2 0-0 12. Nh4 dxe4 13. Nxg6 hxg6 14. Nxe4 Qd5 15. 0-0 Rfd8 16. Be3 b6 17. Rfd1 Rac8 1/2-1/2

[Event "Ruhrgebiet Verbandsliga Gruppe 2 1819"]
[Site "Nordrheinwestfalen"]
[Date "2019.02.03"]
[Round "6.2"]
[White "Spiess, Timo"]
[Black "Roth, Markus"]
[Result "1/2-1/2"]
[WhiteElo "2047"]
[BlackElo "2171"]
[PlyCount "30"]
[EventDate "2018.09.23"]
[EventType "team-tourn"]
[EventRounds "9"]
[EventCountry "GER"]
[SourceTitle "EXT 2022"]
[Source "ChessBase"]
[SourceDate "2021.10.06"]
[SourceVersion "1"]
[SourceVersionDate "2021.10.06"]
[SourceQuality "1"]
[WhiteTeam "Bochum SV II"]
[BlackTeam "Essen Werden"]
[WhiteTeamCountry "GER"]
[BlackTeamCountry "GER"]

1. e4 e6 2. d4 d5 3. Nd2 c5 4. Ngf3 cxd4 5. Nxd4 Nf6 6. e5 Nfd7 7. N2f3 Nc6 8. Bb5 Qc7 9. 0-0 Be7 10. Bf4 0-0 11. c3 Nc5 12. Rc1 Bd7 13. Be2 Qb6 14. b4 Ne4 15. Be3 Qd8 1/2-1/2

[Event "Ruhrgebiet Verbandsliga Gruppe 2 1819"]
[Site "Nordrheinwestfalen"]
[Date "2018.11.04"]
[Round "3.3"]
[White "Spiess, Timo"]
[Black "Frohne, Gerd"]
[Result "1/2-1/2"]
[WhiteElo "2047"]
[BlackElo "2041"]
[PlyCount "88"]
[EventDate "2018.09.23"]
[EventType "team-tourn"]
[EventRounds "9"]
[EventCountry "GER"]
[SourceTitle "EXT 2022"]
[Source "ChessBase"]
[SourceDate "2021.10.06"]
[SourceVersion "1"]
[SourceVersionDate "2021.10.06"]
[SourceQuality "1"]
[WhiteTeam "Bochum SV II"]
[BlackTeam "Gladbeck SG"]
[WhiteTeamCountry "GER"]
[BlackTeamCountry "GER"]

1. e4 e6 2. Qe2 Be7 3. Nf3 d5 4. d3 Nf6 5. e5 Nfd7 6. g3 c5 7. Bg2 Nc6 8. h4 b5 9. c3 a5 10. a4 b4 11. c4 Nb6 12. 0-0 0-0 13. Bf4 Ra7 14. Nbd2 Ba6 15. Rfc1 Rd7 16. Nf1 dxc4 17. dxc4 Nd4 18. Nxd4 Rxd4 19. b3 Qc7 20. Qc2 Bb7 21. Bxb7 Qxb7 22. Be3 Rd7 23. f4 Rfd8 24. Qg2 Qxg2+ 25. Kxg2 Rd3 26. Rab1 f6 27. exf6 gxf6 28. Kf2 Kf7 29. Ke2 Kg6 30. Rd1 Rxd1 31. Rxd1 Rxd1 32. Kxd1 Kf5 33. Nh2 h5 34. Ke2 Nd7 35. Kf3 e5 36. g4+ hxg4+ 37. Nxg4 e4+ 38. Kg3 Kg6 39. Bf2 Bd6 40. Ne3 f5 41. h5+ Kf6 42. Nd5+ Kg7 43. Ne3 Kf6 44. Nd5+ Kg7 1/2-1/2

[Event "Ruhrgebiet Verbandsliga Gruppe 2 1819"]
[Site "Nordrheinwestfalen"]
[Date "2018.09.23"]
[Round "1.4"]
[White "Spiess, Timo"]
[Black "Wittmann, Rainer"]
[Result "1/2-1/2"]
[WhiteElo "2047"]
[BlackElo "2013"]
[PlyCount "25"]
[EventDate "2018.09.23"]
[EventType "team-tourn"]
[EventRounds "9"]
[EventCountry "GER"]
[SourceTitle "EXT 2022"]
[Source "ChessBase"]
[SourceDate "2021.10.06"]
[SourceVersion "1"]
[SourceVersionDate "2021.10.06"]
[SourceQuality "1"]
[WhiteTeam "Bochum SV II"]
[BlackTeam "Dortmund SV"]
[WhiteTeamCountry "GER"]
[BlackTeamCountry "GER"]

1. e4 c5 2. Nf3 e6 3. Qe2 Nc6 4. d3 Nf6 5. g3 Be7 6. Bg2 d6 7. 0-0 0-0 8. c3 Qc7 9. Re1 Nd7 10. Bg5 Nde5 11. Bxe7 Nxf3+ 12. Bxf3 Qxe7 13. Nd2 1/2-1/2

[Event "Ruhrgebiet Verbandsklasse Gruppe 2 1718"]
[Site "Germany"]
[Date "2017.11.05"]
[Round "3.2"]
[White "Kuekenbrink, Christopher"]
[Black "Spiess, Timo"]
[Result "1/2-1/2"]
[WhiteElo "1897"]
[BlackElo "2069"]
[PlyCount "105"]
[EventDate "2017.09.17"]
[EventType "team-tourn"]
[EventRounds "9"]
[EventCountry "GER"]
[SourceTitle "EXT 2022"]
[Source "ChessBase"]
[SourceDate "2021.10.06"]
[SourceVersion "1"]
[SourceVersionDate "2021.10.06"]
[SourceQuality "1"]
[WhiteTeam "Guennigfeld SV"]
[BlackTeam "Bochum SV II"]
[WhiteTeamCountry "GER"]
[BlackTeamCountry "GER"]

1. Nf3 f5 2. d3 d6 3. e4 e5 4. Nc3 Nf6 5. exf5 Bxf5 6. d4 e4 7. Nh4 Qd7 8. Nxf5 Qxf5 9. Be2 d5 10. 0-0 Nbd7 11. Nb5 0-0-0 12. Nxa7+ Kb8 13. Nb5 h5 14. g3 g5 15. f4 g4 16. Qe1 b6 17. Qc3 c6 18. Qxc6 Rc8 19. Nd6 Bxd6 20. Qxd6+ Kb7 21. Qa3 Ra8 22. Qe3 h4 23. Rf2 hxg3 24. hxg3 Rh6 25. Rg2 Rah8 26. Kf2 Rh1 27. Bf1 Ne8 28. Qa3 e3+ 29. Qxe3 Qxc2+ 30. Qe2 Qf5 31. Qa6+ Kb8 32. Qd3 Rxf1+ 33. Qxf1 Nef6 34. Be3 Ne4+ 35. Ke2 Nd6 36. Rc1 Re8 37. Kd2 Qe4 38. Rc3 Nc4+ 39. Rxc4 dxc4 40. Qe2 Nf6 41. Rg1 b5 42. f5 Qxf5 43. Rf1 Ne4+ 44. Kc1 Qd5 45. Qxg4 c3 46. Qf4+ Ka8 47. Qf7 cxb2+ 48. Kxb2 Qxf7 49. Rxf7 Nd6 50. Rd7 Nc4+ 51. Kc3 Rxe3+ 52. Kb4 Rxg3 53. Kxb5 1/2-1/2

[Event "Ruhrgebiet Verbandsklasse Gruppe 2 1617"]
[Site "Germany"]
[Date "2016.09.25"]
[Round "2.2"]
[White "Spiess, Timo"]
[Black "Khasin, Abram Iosifovich"]
[Result "1/2-1/2"]
[WhiteElo "2077"]
[BlackElo "2064"]
[PlyCount "62"]
[EventDate "2016.09.04"]
[EventType "team-tourn"]
[EventRounds "9"]
[EventCountry "GER"]
[SourceTitle "EXT 2022"]
[Source "ChessBase"]
[SourceDate "2021.10.06"]
[SourceVersion "1"]
[SourceVersionDate "2021.10.06"]
[SourceQuality "1"]
[WhiteTeam "Bochum SV II"]
[BlackTeam "Ruettenscheid Rochade"]
[WhiteTeamCountry "GER"]
[BlackTeamCountry "GER"]

1. e4 e6 2. d4 d5 3. Nd2 c5 4. Ngf3 cxd4 5. Nxd4 dxe4 6. Nxe4 a6 7. Be3 e5 8. Nb3 Qc7 9. Bc5 Bxc5 10. Nbxc5 Nf6 11. Nxf6+ gxf6 12. Ne4 Ke7 13. Nc3 Be6 14. Bd3 Nc6 15. 0-0 h5 16. Qd2 Rad8 17. Qe3 Nb4 18. Be4 f5 19. a3 fxe4 20. axb4 f5 21. Rad1 Rd6 22. Qg3 Kf6 23. Qe3 Qb6 24. Rxd6 Qxd6 25. b5 axb5 26. Nxb5 Qb4 27. Nc7 Qxb2 28. Nxe6 Kxe6 29. c4 Rf8 30. Qh6+ Rf6 31. Qxh5 Ke7 1/2-1/2

[Event "Ruhrgebiet Verbandsklasse Gruppe 2 1617"]
[Site "Germany"]
[Date "2016.09.04"]
[Round "1.2"]
[White "Wloczek, Josef"]
[Black "Spiess, Timo"]
[Result "0-1"]
[WhiteElo "1915"]
[BlackElo "2077"]
[PlyCount "106"]
[EventDate "2016.09.04"]
[EventType "team-tourn"]
[EventRounds "9"]
[EventCountry "GER"]
[SourceTitle "EXT 2022"]
[Source "ChessBase"]
[SourceDate "2021.10.06"]
[SourceVersion "1"]
[SourceVersionDate "2021.10.06"]
[SourceQuality "1"]
[WhiteTeam "Annen Sport Union"]
[BlackTeam "Bochum SV II"]
[WhiteTeamCountry "GER"]
[BlackTeamCountry "GER"]

1. e4 c6 2. f4 d5 3. d3 dxe4 4. dxe4 Qxd1+ 5. Kxd1 Nf6 6. Nc3 e5 7. Be3 Ng4 8. Ke2 Nxe3 9. Kxe3 Bc5+ 10. Ke2 exf4 11. Nf3 0-0 12. Rd1 Bg4 13. h3 Be6 14. Nd4 Bxd4 15. Rxd4 Nd7 16. Kf2 Ne5 17. Be2 Rfd8 18. Rhd1 Rxd4 19. Rxd4 Kf8 20. Rb4 b6 21. Rd4 Ke7 22. b4 Rd8 23. Rxd8 Kxd8 24. a4 Kc7 25. Bd3 g5 26. Ke2 f3+ 27. gxf3 Bxh3 28. Kf2 Be6 29. Kg3 h5 30. Kf2 h4 31. Bf1 Kd6 32. Bd3 a5 33. bxa5 bxa5 34. Ba6 Kc5 35. Ne2 Kb4 36. Bb7 Kxa4 37. Bxc6+ Nxc6 38. f4 gxf4 39. Nxf4 Kb5 40. Kf3 a4 41. Nd5 Bxd5 42. exd5 Ne5+ 43. Ke4 Nd7 44. Kf5 h3 45. c4+ Kxc4 46. d6 h2 47. Kg5 h1Q 48. Kf5 Kd4 49. Kf4 Qf1+ 50. Kg3 Ke3 51. Kh2 Nf6 52. d7 Kf3 53. d8Q Qg2# 0-1

[Event "Ruhrgebiet Verbandsklasse Gruppe 3 1516"]
[Site "Germany"]
[Date "2016.03.20"]
[Round "8.1"]
[White "Schlueter, Christoph"]
[Black "Spiess, Timo"]
[Result "1/2-1/2"]
[WhiteElo "1995"]
[BlackElo "2100"]
[PlyCount "33"]
[EventDate "2015.09.06"]
[EventType "team-tourn"]
[EventRounds "9"]
[EventCountry "GER"]
[SourceTitle "EXT 2022"]
[Source "ChessBase"]
[SourceDate "2021.10.06"]
[SourceVersion "1"]
[SourceVersionDate "2021.10.06"]
[SourceQuality "1"]
[WhiteTeam "Kirchhellen SF"]
[BlackTeam "Bochum SV II"]
[WhiteTeamCountry "GER"]
[BlackTeamCountry "GER"]

1. d4 c5 2. e4 cxd4 3. Nf3 e6 4. Nxd4 a6 5. Nc3 b5 6. Bd3 Qb6 7. Nb3 Nc6 8. 0-0 Nf6 9. Be3 Qc7 10. f4 d6 11. Qf3 Bb7 12. Kh1 Be7 13. Rae1 Nb4 14. Bd4 Nc6 15. Bf2 Nb4 16. Bd4 Nc6 17. Bf2 1/2-1/2

[Event "Ruhrgebiet VK2 1213"]
[Site "Nordrheinwestfalen"]
[Date "2013.01.13"]
[Round "5.1"]
[White "Yanik, Mehmet"]
[Black "Spiess, Timo"]
[Result "1/2-1/2"]
[WhiteElo "1973"]
[BlackElo "2085"]
[PlyCount "59"]
[EventDate "2012.09.02"]
[EventType "team-tourn"]
[EventRounds "9"]
[EventCountry "GER"]
[SourceTitle "EXT 2020"]
[Source "ChessBase"]
[SourceDate "2019.10.17"]
[SourceVersion "1"]
[SourceVersionDate "2019.10.17"]
[SourceQuality "1"]
[WhiteTeam "Dortmund FS 98 II"]
[BlackTeam "Bochum Uni"]
[WhiteTeamCountry "GER"]
[BlackTeamCountry "GER"]

1. e4 c5 2. Nf3 d6 3. d4 cxd4 4. Nxd4 Nf6 5. Nc3 Nc6 6. Bg5 e6 7. Qd2 a6 8. 0-0-0 Bd7 9. f4 h6 10. Bh4 g5 11. fxg5 Ng4 12. Be2 Nge5 13. Nf3 Be7 14. Kb1 hxg5 15. Bg3 Nxf3 16. Bxf3 Qc7 17. Bxd6 Qxd6 18. Qxd6 Bxd6 19. Rxd6 Ne5 20. Be2 Bc6 21. Rd4 Ke7 22. h3 Rh4 23. g3 Rh6 24. Nd1 Rah8 25. Nf2 Rf6 26. Ng4 Nxg4 27. Bxg4 Rf2 28. Re1 Rg2 29. Rd3 Rd8 30. Rde3 1/2-1/2

[Event "Ruhrgebiet VK2 1213"]
[Site "Nordrheinwestfalen"]
[Date "2012.10.28"]
[Round "3"]
[White "Korber, Markus"]
[Black "Spiess, Timo"]
[Result "1/2-1/2"]
[WhiteElo "1910"]
[BlackElo "2079"]
[PlyCount "30"]
[EventDate "2012.09.02"]
[EventType "team-tourn"]
[EventRounds "9"]
[EventCountry "GER"]
[SourceTitle "EXT 2020"]
[Source "ChessBase"]
[SourceDate "2019.10.17"]
[SourceVersion "1"]
[SourceVersionDate "2019.10.17"]
[SourceQuality "1"]
[WhiteTeam "Rochade Steele/Kray"]
[BlackTeam "Bochum Uni"]
[WhiteTeamCountry "GER"]
[BlackTeamCountry "GER"]

1. d4 d6 2. Nf3 f5 3. e3 Nf6 4. b3 g6 5. Bb2 Bg7 6. Bc4 e6 7. Nbd2 0-0 8. Qe2 Nc6 9. 0-0-0 a5 10. a3 Bd7 11. Ng5 Qe7 12. f4 h6 13. Ngf3 Ne4 14. Rhg1 Kh7 15. Bd3 Nxd2 1/2-1/2

[Event "Ruhrgebiet VK2 1213"]
[Site "Nordrheinwestfalen"]
[Date "2012.09.30"]
[Round "2.1"]
[White "Spiess, Timo"]
[Black "Schneider, Hans Joachim"]
[Result "1/2-1/2"]
[WhiteElo "2079"]
[BlackElo "1846"]
[PlyCount "39"]
[EventDate "2012.09.02"]
[EventType "team-tourn"]
[EventRounds "9"]
[EventCountry "GER"]
[SourceTitle "EXT 2020"]
[Source "ChessBase"]
[SourceDate "2019.10.17"]
[SourceVersion "1"]
[SourceVersionDate "2019.10.17"]
[SourceQuality "1"]
[WhiteTeam "Bochum Uni"]
[BlackTeam "Bottrop SV II"]
[WhiteTeamCountry "GER"]
[BlackTeamCountry "GER"]

1. e4 c5 2. Nf3 Nc6 3. Bb5 Nf6 4. Bxc6 dxc6 5. d3 g6 6. e5 Nd5 7. h3 Bg7 8. 0-0 0-0 9. Nbd2 b6 10. Re1 Ba6 11. Ne4 Nc7 12. Qe2 Ne6 13. Neg5 Nd4 14. Nxd4 cxd4 15. Qe4 c5 16. Qh4 h6 17. Ne4 Kh7 18. Bd2 Bb7 19. Ng5+ Kg8 20. Ne4 1/2-1/2

[Event "Rheinland Pfalz op 3rd"]
[Site "Gau Algesheim"]
[Date "2011.08.01"]
[Round "5"]
[White "Knapp, Michael"]
[Black "Spiess, Timo"]
[Result "1/2-1/2"]
[WhiteElo "1981"]
[BlackElo "2192"]
[PlyCount "26"]
[EventDate "2011.07.28"]
[EventType "swiss"]
[EventRounds "7"]
[EventCountry "GER"]
[SourceTitle "EXT 2013"]
[Source "ChessBase"]
[SourceDate "2012.11.22"]
[SourceVersion "1"]
[SourceVersionDate "2012.11.22"]
[SourceQuality "1"]

1. d4 Nf6 2. c4 e6 3. Nf3 Bb4+ 4. Bd2 Qe7 5. Nc3 Bxc3 6. Bxc3 Ne4 7. Qc2 Nxc3 8. Qxc3 0-0 9. e3 d6 10. g3 b6 11. Bg2 Bb7 12. 0-0 Nd7 13. b4 Nf6 1/2-1/2

[Event "Rheinland Pfalz op 3rd"]
[Site "Gau Algesheim"]
[Date "2011.07.29"]
[Round "3"]
[White "Ovsejevitsch, Sergei"]
[Black "Spiess, Timo"]
[Result "1-0"]
[WhiteElo "2589"]
[BlackElo "2192"]
[PlyCount "37"]
[EventDate "2011.07.28"]
[EventType "swiss"]
[EventRounds "7"]
[EventCountry "GER"]
[SourceTitle "EXT 2013"]
[Source "ChessBase"]
[SourceDate "2012.11.22"]
[SourceVersion "1"]
[SourceVersionDate "2012.11.22"]
[SourceQuality "1"]

1. d4 Nf6 2. c4 e6 3. Nc3 Bb4 4. e3 Ne4 5. Qc2 f5 6. Bd3 Nxc3 7. bxc3 Be7 8. e4 g6 9. Nf3 d6 10. h4 0-0 11. Bh6 Rf6 12. h5 Nc6 13. hxg6 hxg6 14. 0-0-0 Rf7 15. Qd2 Rh7 16. Bg5 Bxg5 17. Nxg5 Rxh1 18. Rxh1 Qf6 19. Nh7 1-0

[Event "Ruhrgebiet VK3 0910"]
[Site "Ruhrgebiet"]
[Date "2010.02.21"]
[Round "7.1"]
[White "Kuerten, Hans Juergen"]
[Black "Spiess, Timo"]
[Result "1/2-1/2"]
[WhiteElo "1980"]
[BlackElo "2192"]
[PlyCount "66"]
[EventDate "2009.09.06"]
[EventType "team"]
[EventRounds "9"]
[EventCountry "GER"]
[SourceTitle "EXT 2011"]
[Source "ChessBase"]
[SourceDate "2010.11.26"]
[SourceVersion "1"]
[SourceVersionDate "2010.11.26"]
[SourceQuality "1"]
[WhiteTeam "Haltern"]
[BlackTeam "Bochum Uni"]
[WhiteTeamCountry "GER"]
[BlackTeamCountry "GER"]

1. Nf3 f5 2. b3 d6 3. d4 Nf6 4. Bb2 g6 5. e3 Bg7 6. Bc4 e6 7. 0-0 0-0 8. Nbd2 Nc6 9. Re1 Bd7 10. a4 Ne4 11. Bd3 d5 12. Bb5 Nb8 13. Ne5 a6 14. Bf1 Nxd2 15. Qxd2 Nc6 16. c4 Nxe5 17. dxe5 Bc6 18. Red1 Rf7 19. f4 Bf8 20. b4 Rd7 21. c5 Rg7 22. b5 Be8 23. Bd4 g5 24. Qc3 gxf4 25. exf4 Bh5 26. Rdb1 a5 27. Bf2 Qe8 28. Rb3 Rg4 29. Be2 Rg7 30. Bxh5 Qxh5 31. Qf3 Qxf3 32. Rxf3 Rg4 33. h3 Rg7 1/2-1/2

[Event "Ruhrgebiet VK3 0910"]
[Site "Ruhrgebiet"]
[Date "2010.02.07"]
[Round "6.1"]
[White "Spiess, Timo"]
[Black "Dereli, Ismail"]
[Result "1-0"]
[WhiteElo "2192"]
[BlackElo "1873"]
[PlyCount "81"]
[EventDate "2009.09.06"]
[EventType "team"]
[EventRounds "9"]
[EventCountry "GER"]
[SourceTitle "EXT 2011"]
[Source "ChessBase"]
[SourceDate "2010.11.26"]
[SourceVersion "1"]
[SourceVersionDate "2010.11.26"]
[SourceQuality "1"]
[WhiteTeam "Bochum Uni"]
[BlackTeam "Gelsenkirchen"]
[WhiteTeamCountry "GER"]
[BlackTeamCountry "GER"]

1. Nf3 f5 2. g3 g6 3. Bg2 Bg7 4. d4 Nf6 5. 0-0 0-0 6. b3 d6 7. Bb2 c6 8. c4 Qc7 9. Qc2 Ne4 10. Nbd2 Nxd2 11. Nxd2 f4 12. d5 Bf5 13. Qc1 fxg3 14. hxg3 e5 15. dxe6 Bxe6 16. Bxg7 Qxg7 17. Ne4 Qe7 18. Qa3 c5 19. Rad1 Nc6 20. Rxd6 Bf5 21. Qxc5 Rae8 22. Qd5+ Kh8 23. Nc3 Qg7 24. Qd2 Ne5 25. Qd4 h5 26. f4 Ng4 27. Qxg7+ Kxg7 28. e4 Bc8 29. Bf3 Ne3 30. Rf2 Rh8 31. Rh2 Ref8 32. Kf2 Ng4+ 33. Bxg4 Bxg4 34. Ke3 Rf7 35. e5 Re8 36. Ne4 Rf5 37. Nf6 Re7 38. Nxg4 hxg4 39. Rh4 Rh5 40. Rxg4 Rh2 41. Rdxg6+ 1-0

[Event "Ruhrgebiet VK3 0708"]
[Site "Germany"]
[Date "2007.10.21"]
[Round "2.1"]
[White "Spiess, Timo"]
[Black "Bosau, Jens"]
[Result "1-0"]
[WhiteElo "2053"]
[BlackElo "1806"]
[PlyCount "63"]
[EventDate "2007.09.16"]
[EventType "team"]
[EventRounds "9"]
[EventCountry "GER"]
[SourceTitle "EXT 2009"]
[Source "ChessBase"]
[SourceDate "2008.11.26"]
[SourceVersion "1"]
[SourceVersionDate "2008.11.26"]
[SourceQuality "1"]
[WhiteTeam "Bochum Uni"]
[BlackTeam "RE Sued"]
[WhiteTeamCountry "GER"]
[BlackTeamCountry "GER"]

1. e4 d6 2. d4 g6 3. Nc3 Bg7 4. g3 Nd7 5. Bg2 c5 6. Nge2 Rb8 7. a4 b6 8. 0-0 Ba6 9. Nb5 Bxb5 10. axb5 Qc7 11. f4 e6 12. f5 e5 13. dxe5 Nxe5 14. Nc3 f6 15. Qd5 Qd7 16. Rd1 Bf8 17. Bf4 g5 18. Bxe5 fxe5 19. Qc6 Qxc6 20. bxc6 Ne7 21. Rxd6 Nxf5 22. c7 Bxd6 23. cxb8Q+ Bxb8 24. exf5 Rf8 25. g4 Rf6 26. Ne4 Rf7 27. Rd1 Ke7 28. Bf1 Rf8 29. Bb5 Kf7 30. Rd7+ Kg8 31. Bc4+ Kh8 32. Nxg5 1-0

[Event "Ruhrgebiet VK3 0708"]
[Site "Germany"]
[Date "2007.09.16"]
[Round "1.1"]
[White "Spiess, Timo"]
[Black "Sondermann, Dirk"]
[Result "1/2-1/2"]
[WhiteElo "2053"]
[BlackElo "2129"]
[PlyCount "31"]
[EventDate "2007.09.16"]
[EventType "team"]
[EventRounds "9"]
[EventCountry "GER"]
[SourceTitle "EXT 2009"]
[Source "ChessBase"]
[SourceDate "2008.11.26"]
[SourceVersion "1"]
[SourceVersionDate "2008.11.26"]
[SourceQuality "1"]
[WhiteTeam "Bochum Uni"]
[BlackTeam "Witten"]
[WhiteTeamCountry "GER"]
[BlackTeamCountry "GER"]

1. e4 c5 2. Nf3 d6 3. Bb5+ Bd7 4. Bxd7+ Qxd7 5. c4 Nf6 6. Nc3 g6 7. 0-0 Bg7 8. d4 cxd4 9. Nxd4 0-0 10. f3 Rc8 11. b3 d5 12. exd5 Nxd5 13. Nxd5 e6 14. Bh6 exd5 15. Bxg7 Kxg7 16. cxd5 1/2-1/2

[Event "Ruhrgebiet VL1 0405"]
[Site "Ruhrgebiet"]
[Date "2005.01.30"]
[Round "6.3"]
[White "Witthaus, Joerg"]
[Black "Spiess, Timo"]
[Result "1/2-1/2"]
[WhiteElo "1982"]
[BlackElo "2042"]
[PlyCount "28"]
[EventDate "2004.09.12"]
[EventType "team"]
[EventRounds "9"]
[EventCountry "GER"]
[SourceTitle "EXT 2006"]
[Source "ChessBase"]
[SourceDate "2005.11.24"]
[SourceVersion "1"]
[SourceVersionDate "2005.11.24"]
[SourceQuality "1"]
[WhiteTeam "Altenessen"]
[BlackTeam "Bochum SV 02"]
[WhiteTeamCountry "GER"]
[BlackTeamCountry "GER"]

1. d4 Nf6 2. c4 e6 3. Nc3 Bb4 4. e3 b6 5. Bd3 Bxc3+ 6. bxc3 Bb7 7. Nf3 0-0 8. 0-0 d6 9. Qe2 Ne4 10. Ne1 f5 11. f3 Nf6 12. e4 fxe4 13. fxe4 e5 14. Bg5 Nbd7 1/2-1/2

[Event "Ruhrgebiet VL1 0405"]
[Site "Ruhrgebiet"]
[Date "2004.10.10"]
[Round "2.3"]
[White "Goschin, Andreas"]
[Black "Spiess, Timo"]
[Result "1/2-1/2"]
[WhiteElo "2106"]
[BlackElo "2042"]
[PlyCount "44"]
[EventDate "2004.09.12"]
[EventType "team"]
[EventRounds "9"]
[EventCountry "GER"]
[SourceTitle "EXT 2006"]
[Source "ChessBase"]
[SourceDate "2005.11.24"]
[SourceVersion "1"]
[SourceVersionDate "2005.11.24"]
[SourceQuality "1"]
[WhiteTeam "Laeufer Ost"]
[BlackTeam "Bochum SV 02"]
[WhiteTeamCountry "GER"]
[BlackTeamCountry "GER"]

1. e4 c6 2. d3 d5 3. Nd2 e5 4. Ngf3 Bd6 5. Be2 Nf6 6. 0-0 0-0 7. Re1 Re8 8. c4 dxe4 9. dxe4 Nbd7 10. a3 a5 11. Qc2 Nf8 12. c5 Bc7 13. Nc4 Qe7 14. Be3 Ng4 15. h3 Nxe3 16. Nxe3 a4 17. Rac1 Ra5 18. Bc4 Be6 19. Nf5 Qxc5 20. Qe2 Bxc4 21. Rxc4 Qb6 22. Ng5 h6 1/2-1/2

[Event "Recklinghausen op 12th"]
[Site "Recklinghausen"]
[Date "2001.08.09"]
[Round "6"]
[White "Saltaev, Mihail"]
[Black "Spiess, Timo"]
[Result "1-0"]
[WhiteElo "2510"]
[BlackElo "2181"]
[PlyCount "135"]
[EventDate "2001.08.04"]
[EventType "swiss"]
[EventRounds "9"]
[EventCountry "GER"]
[SourceTitle "CBM 083 Extra"]
[Source "ChessBase"]
[SourceDate "2001.09.11"]
[SourceVersion "1"]
[SourceVersionDate "2001.09.11"]
[SourceQuality "1"]

1. e4 c6 2. d4 d5 3. Nd2 dxe4 4. Nxe4 Bf5 5. Ng3 Bg6 6. h4 h6 7. Nf3 Nd7 8. h5 Bh7 9. Bd3 Bxd3 10. Qxd3 Ngf6 11. Bd2 e6 12. 0-0-0 Be7 13. Ne4 Nxe4 14. Qxe4 Nf6 15. Qe2 0-0 16. Kb1 Qd5 17. Ne5 Qe4 18. Qxe4 Nxe4 19. Be1 Rac8 20. f3 Nf6 21. Bh4 Rfe8 22. Nd3 Rcd8 23. Bf2 Bd6 24. c4 Nd7 25. Rhe1 a6 26. Kc2 Be7 27. b3 Bf6 28. f4 Be7 29. g4 Bd6 30. Re2 f6 31. Rg1 Kf7 32. Rf1 Kg8 33. Bg1 Be7 34. Bf2 Bd6 35. a4 Bb8 36. Be1 Ba7 37. Ba5 Rc8 38. Bc3 Red8 39. c5 Bb8 40. Nb2 Bc7 41. Nc4 Nf8 42. Rd2 Rd7 43. Ba5 Bb8 44. Rd3 Nh7 45. Bd2 Rcd8 46. Be3 e5 47. Nb6 e4 48. Rd2 Re7 49. d5 cxd5 50. Rxd5 Rxd5 51. Nxd5 Rd7 52. Rd1 Kf7 53. f5 Nf8 54. b4 Rd8 55. Nc3 Rxd1 56. Kxd1 Nd7 57. Nxe4 Bh2 58. Bd4 Ke7 59. Ke2 Nb8 60. b5 axb5 61. axb5 Kd7 62. Kd3 Be5 63. Kc4 Kd8 64. Bg1 Bf4 65. Kd5 Kc7 66. b6+ Kc8 67. Bd4 Be5 68. Ke6 1-0